Score 0/18 Timer 03:00
0 Plays Today
% Correct
Thanksgiving Day
85.8%
Blitzen
85.1%
I'm
83.8%
Partridge
80.8%
Vixen
78.7%
Paper or Cotton
68%
Swan
63.9%
Rat
61.4%
Veterans Day
60.1%
% Correct
Thomas Jefferson
55.9%
USA (American Samoa)
55.8%
Diamond
53.7%
John Adams
52.8%
White
49.1%
Pig
35.9%
St. Andrew
30.1%
St. David
24.8%
Tonga
15%
Remove Ads.
Support Sporcle.
Get the best of Sporcle when you Go Orange. This ad-free experience offers more features, more stats, and more fun while also helping to support Sporcle. Thank you for becoming a member.

You're not logged in!

Compare scores with friends on all Sporcle quizzes.
OR
Log In

Sporcle TV

Today on Sporcle TV


Watch our educational content, quiz creation guides, and fun videos on Sporcle TV.

Show Comments

Extras

Top Quizzes Today


Score Distribution

Paid Content

Your Account Isn't Verified!

In order to create a playlist on Sporcle, you need to verify the email address you used during registration. Go to your Sporcle Settings to finish the process.

Report this User

Report this user for behavior that violates our Community Guidelines.

Details: